ロード中...

Kaala chakram /

書誌詳細
第一著者: Varkey, Muttathu
フォーマット: Printed Book
言語:Malayalam
出版事項: J. Johnson , 1958.
LEADER 00369nam a2200121Ia 4500
008 150624b xxu||||| |||| 00| | mal d
100 |a Varkey, Muttathu 
245 |c Muttathu Varkey  |a Kaala chakram / 
260 |b J. Johnson ,  |c 1958. 
546 |a In Malayalam. 
942 |c BK 
999 |c 70192  |d 70192 
952 |0 1  |1 0  |4 0  |7 0  |9 70169  |a UL  |b UL  |c ST1  |d 1998-09-15  |l 0  |p 48  |r 2012-10-27  |w 2012-10-27  |y BK